Cieľavedomá likvidácia odpadov

Vláda SR dňa 27. 2. 2002 schválila dokument Program odpadového hospodárstva SR do roku 2005. Genéza Programov odpadového hospodárstva od roku 1993. Predpokladané investičné náklady odpadového hospodárstva r. 2001 -2005.

Guardado en:
Detalles Bibliográficos
Formato: Capítulo de libro
Lenguaje:eslovaco
Materias:
Etiquetas: Agregar Etiqueta
Sin Etiquetas, Sea el primero en etiquetar este registro!

MARC

LEADER 00000naa a2200000 4500
001 r044482
005 20230927091416.8
041 0 |a slo 
044 |a SK 
245 1 0 |a Cieľavedomá likvidácia odpadov 
520 |a Vláda SR dňa 27. 2. 2002 schválila dokument Program odpadového hospodárstva SR do roku 2005. Genéza Programov odpadového hospodárstva od roku 1993. Predpokladané investičné náklady odpadového hospodárstva r. 2001 -2005. 
610 2 0 |a hospodárstvo odpadové 
610 2 0 |a odpad komunálny 
610 2 0 |a úpravy právne 
610 2 0 |a Slovensko